Tài liệu học tập chính trị cho học viên lớp bồi dưỡng kết nạp Đảng
Tài liệu đề cập đến các nội dung về tóm tắt lịch sử Đảng cộng Sản Việt Nam; Cương lĩnh xây dựng đất nước trong thời kỳ quá độ lên CNXH; Những nội dung cơ bản của Điều lệ Đảng cộng Sản Việt Nam; Phấn đấu trở thành Đảng viên...
Sparad:
| Institutionella upphovsmän: | , |
|---|---|
| Materialtyp: | Bok |
| Språk: | Undetermined |
| Publicerad: |
Hà Nội
Chính trị Quốc gia
1997
|
| Ämnen: | |
| Taggar: |
Lägg till en tagg
Inga taggar, Lägg till första taggen!
|
| Thư viện lưu trữ: | Trung tâm Học liệu Trường Đại học Cần Thơ |
|---|
| LEADER | 01238nam a2200229Ia 4500 | ||
|---|---|---|---|
| 001 | CTU_136874 | ||
| 008 | 210402s9999 xx 000 0 und d | ||
| 082 | |a 324.2597075 | ||
| 082 | |b Đ106 | ||
| 110 | |a Đảng cộng sản Việt Nam | ||
| 110 | |b Ban tư tưởng - Văn hóa trung ương | ||
| 245 | 0 | |a Tài liệu học tập chính trị cho học viên lớp bồi dưỡng kết nạp Đảng | |
| 245 | 0 | |c Đảng cộng sản Việt Nam. Ban tư tưởng - Văn hóa trung ương | |
| 260 | |a Hà Nội | ||
| 260 | |b Chính trị Quốc gia | ||
| 260 | |c 1997 | ||
| 520 | |a Tài liệu đề cập đến các nội dung về tóm tắt lịch sử Đảng cộng Sản Việt Nam; Cương lĩnh xây dựng đất nước trong thời kỳ quá độ lên CNXH; Những nội dung cơ bản của Điều lệ Đảng cộng Sản Việt Nam; Phấn đấu trở thành Đảng viên | ||
| 650 | |a Trung tâm Học liệu ĐHCT,Communist parties,Socialism | ||
| 650 | |x Đảng Cộng sản Việt Nam | ||
| 650 | |z Vietnam | ||
| 904 | |i Năm | ||
| 980 | |a Trung tâm Học liệu Trường Đại học Cần Thơ | ||